000 00694nam a2200229Ia 4500
005 20250508164738.0
008 008 250505s9999 xx 000 0 eng d
037 _aTextBook
040 _aFEDL
_beng
_cFEDL
041 _aeng
_2eng
084 _a001.422, MIN/R
_qFEDL
100 _aMinium Edward W
245 0 _aStatistical reasoning in psychology and education
250 _a3
260 _aNew Delhi, India
_bWiley India Private Limited
_c2009
300 _axiii,590p.
365 _aINR
_b419
546 _aAcc. no. 84511 is replaced copy by Asha ( M.Ed.)
700 _a King Burce M Bear Gordon
_9779053
942 _cTB
_h001.422, MIN/R
999 _c1390882
_d1390882